| 000 | 01305nam0a22002771 4500 | ||
|---|---|---|---|
| 001 | rc\3190154 | ||
| 005 | 20260407140215.0 | ||
| 021 |
_aRU _b[76-7038] |
||
| 035 | _a(NLR Aleph) 007332208 | ||
| 090 |
_a6021259 _c6021259 |
||
| 100 | _a20120628d1975 |||y0rusy50 ca | ||
| 101 | 0 | _arus | |
| 102 | _aRU | ||
| 105 | _aa z ||||| | ||
| 200 | 1 |
_aГидравлические исследования гидротехнических сооружений оросительных систем _eСборник науч. трудов _fУкр. науч.-исслед. ин-т гидротехники и мелиорации _g[Ред. коллегия: П.И. Коваленко и др.] |
|
| 210 |
_aКиев _cУкрНИИГИМ _d1975 |
||
| 215 |
_a158 с. _cил. _d20 |
||
| 320 | _aСписки лит. в конце работ | ||
| 606 |
_aОросительные системы _xГидротехнические сооружения _xГидравлика _jСборники _2psbo |
||
| 702 | 1 |
_aКоваленко _bП.И. _gПетр Иванович _4340 |
|
| 712 | 0 | 2 |
_aУкраинский НИИ гидротехники и мелиорации _cКиев _3RU\NLR\AUTH\8810005762 _9508945 |
| 801 | 0 |
_aRU _bNLR _gpsbo |
|
| 801 | 1 |
_aRU _bELAR _2rusmarc |
|
| 852 |
_aNLR _j/3935 |
||
| 942 | _cBOOK | ||
| 980 | _aNB | ||